Historia de la provincia de San Antonino del Nuevo Reino de Granada / (Record no. 130381)

MARC details
000 -LEADER
campo de control de longitud fija 00993nam a2200241 i 4500
001 - NÚMERO DE CONTROL
campo de control 130381
003 - IDENTIFICADOR DE NÚMERO DE CONTROL
campo de control ES-MaACL
005 - FECHA Y HORA DE LA ÚLTIMA TRANSACCIÓN
campo de control 20250909230229.0
007 - CAMPO FIJO DE DESCRIPCIÓN FÍSICA--INFORMACIÓN GENERAL
campo de control de longitud fija t|
008 - DATOS DE LONGITUD FIJA--INFORMACIÓN GENERAL
campo de control de longitud fija 070726s1980 ck ||||1| spa d
100 1# - ENTRADA PRINCIPAL--NOMBRE DE PERSONA
Nombre de persona Zamora, Alonso de.
9 (RLIN) 117929
245 10 - MENCIÓN DEL TÍTULO
Título Historia de la provincia de San Antonino del Nuevo Reino de Granada /
Mención de responsabilidad, etc. Fray Alonso de Zamora ; prólogo del Dr. Carraciolo Parra ; notas ilustrativas del mismo y del R.P. Fr. Andrés Mesanza.
260 ## - PUBLICACIÓN, DISTRIBUCIÓN, ETC.
Lugar de publicación, distribución, etc. [Bogotá] :
Nombre del editor, distribuidor, etc. Instituto Colombiano de Cultura Hispánica,
Fecha de publicación, distribución, etc. [1980]
300 ## - DESCRIPCIÓN FÍSICA
Extensión 4 v. ;
Dimensiones 24 cm.
610 24 - PUNTO DE ACCESO ADICIONAL DE MATERIA--NOMBRE DE ENTIDAD CORPORATIVA
Nombre de entidad corporativa o nombre de jurisdicción como elemento de entrada Dominicos-
Subdivisión geográfica Colombia.
9 (RLIN) 171649
651 #4 - PUNTO DE ACCESO ADICIONAL DE MATERIA--NOMBRE GEOGRÁFICO
Nombre geográfico Colombia-
Subdivisión general Historia-
Subdivisión cronológica 1499-1550, Descubrimiento y conquista.
9 (RLIN) 152427
651 #4 - PUNTO DE ACCESO ADICIONAL DE MATERIA--NOMBRE GEOGRÁFICO
Nombre geográfico Colombia-
Subdivisión general Historia-
Subdivisión cronológica 1550-1810, Época colonial.
9 (RLIN) 138428
700 1# - ENTRADA AGREGADA--NOMBRE PERSONAL
Nombre de persona Parra-Pérez, C.,
Fechas asociadas al nombre 1888-1963
9 (RLIN) 89252
700 1# - ENTRADA AGREGADA--NOMBRE PERSONAL
Nombre de persona Mesanza, Andrés.
9 (RLIN) 80647
710 2# - ENTRADA AGREGADA--NOMBRE DE ENTIDAD CORPORATIVA
Nombre de entidad corporativa o nombre de jurisdicción como elemento de entrada Instituto Colombiano de Cultura Hispánica.
9 (RLIN) 4815
852 ## - LOCALIZACIÓN
Ubicación ES-MaACL
Número de control de estantería L-5112-15
Holdings
Estatus retirado Estado de pérdida Estado de daño No para préstamo Biblioteca de origen Biblioteca actual Ubicación en estantería Fecha de adquisición Fuente de adquisición Total de préstamos Signatura topográfica completa Código de barras Visto por última vez Precio de reemplazo Tipo de ítem Koha
        Biblioteca del Ateneo de Madrid Biblioteca del Ateneo de Madrid Depósito 2 17/01/2008     L-5112-15 1135755 23/02/2023 23/02/2023 Libro impreso